| 000 | 00681nam a22001817a 4500 | ||
|---|---|---|---|
| 005 | 20240131100440.0 | ||
| 008 | 240131b |||||||| |||| 00| 0 eng d | ||
| 020 | _a9789991639642 | ||
| 041 | _aEnglish | ||
| 082 | _a347 NAM | ||
| 100 | _lEnglish | ||
| 245 |
_aNamibia's Supreme Court at 30 Years : _bA Review of the Superior Court's Role in the Development of Namibia's Jurisprudence in the Post-Independence Era / _cedited by TV Warikandwa and J Baloro |
||
| 250 | _aFirst Edition | ||
| 260 |
_aWindhoek : _bKonrad Adenauer Foundation, _c2022 |
||
| 300 |
_bxxii, 490 pages ; _c25 cm. |
||
| 650 |
_aLegal practice _bLaw |
||
| 942 |
_cBK _6ALISON_BN_VRIES |
||
| 999 |
_c1315 _d1315 |
||